000 00567nam a2200121 a 4500
008 120416s9999 xx |||||||||||||| || u
050 _aU 815 Mil
100 _aBrauch, Hans Gunter
245 1 0 _aMilitary technology, armaments dynamics and disarmament
_cedited by Hans Gunter Brauch
246 _aABC weapons, military use of nuclear energy and of outer space and implications for international la
350 _a0.00
995 _D0.00
_FCBU-MAIN LIBRARY (Kitwe)
_H1
_I60.00
_UAVAILABLE
_ZAnnex Low-Usage Collection
999 _c51226
_d51226